01445 a2200181 4500999001700000020001800017082001900035100002900054245006900083260003900152300001400191504003600205520067900241650010100920650009101021942001201112952013901124 c25877d25877 a9789353282592 a294.363bSHE-G aShepherd, Kancha Ilaiah  aGod as political philosopherb: Buddha's challenge to brahminism bSage Publicationsc2019aNew Delhi aix, 244p. aInclude Bibliography and Index  aIn this provocative and scholarly book, Kancha Ilaiah Shepherd propounds a view of Gautama Buddha as India’s first social revolutionary. Buddha did his best to give the principles of tribal democracy and egalitarianism a sanctuary in his own sangha. In so doing, he foreshadowed modern India’s experiment with parliamentary democracy. Critical of the caste system, Buddha inducted low caste members into the sangha and made them his trusted advisers. He gave women an honoured place in the sangha. Dissent was indeed permitted, and even Buddha was not above the law. Pre-dating Socrates and Plato by some years, Buddha also foreshadowed key elements of their philosophy. aPolitics and government vInterfaith relationsvSocial changevPolitical and social viewszIndia aReligion vBuddhist sociologyvBrahmanism vGautama Buddha vBuddhism and statezIndia 2ddccBK 00104070aNASSDOCbNASSDOCd2019-12-30eOPg361.35i2019-12-20l0o294.363 SHE-Gp50699r2019-12-30 00:00:00v495.00w2019-12-30yBK